000 00514nam a2200145Ia 4500
008 100415s9999 xx 000 0 und d
082 _b2084
_a580
100 _aOliver Profesor
245 _aIllustrations of the Principal Natural Orders of the Vegetable Kingdom
260 _aLONDON
_c1874
_bCHAPMAN & HALL
365 _b0
630 _aIllustrations of the Principal Natural Orders of the Vegetable Kingdom
730 _aIllustrations of the Principal Natural Orders of the Vegetable Kingdom
942 _cBOOK
999 _c585105
_d585102